000 00652nam a2200193Ia 4500
003 GCL
008 140319s9999 xx 000 0 ara d
040 _aGCL /
_cGCL
082 0 4 _a813.01
_bف ص
100 1 _aمدحت الجيار \\=aفادية خطابv
245 1 0 _aصهيل الذكريات حكايات من بلدى قصص /
_cمدحت الجيار
300 _a119 ص
490 _aالهيئة العامة للاستعلامات
_v0
650 0 4 _aالادب العربى
650 0 4 _aالقصص القصيرة
650 0 4 _aالقصص العربية القصيرة
650 0 4 _aالمجموعات القصصية
942 _2ddc
_cBK
999 _c52196
_d52196